Impuesto a la ganancia mínima presunta (Registro nro. 1238)
[ vista simple ]
| 000 -LEADER | |
|---|---|
| fixed length control field | 01551 a2200241 4500 |
| 001 - CONTROL NUMBER | |
| control field | 24914 |
| 005 - DATE AND TIME OF LATEST TRANSACTION | |
| control field | 20260407155531.0 |
| 008 - FIXED-LENGTH DATA ELEMENTS--GENERAL INFORMATION | |
| fixed length control field | 260407a2013 arg spa d |
| 003 - CONTROL NUMBER IDENTIFIER | |
| control field | AR-UNSa-BCEJYS |
| 040 ## - CATALOGING SOURCE | |
| Original cataloging agency | AR-UNSa-BCEJYS |
| Language of cataloging | spa |
| Transcribing agency | AR-UNSa-BCEJYS |
| 080 ## - UNIVERSAL DECIMAL CLASSIFICATION NUMBER | |
| Universal Decimal Classification number | 336.226.1 |
| Common auxiliary subdivision | Impuestos a las ganancias o los beneficios (Impuesto Diferido) |
| 020 ## - INTERNATIONAL STANDARD BOOK NUMBER | |
| International Standard Book Number | 978-987-01-1563-2 |
| 041 ## - LANGUAGE CODE | |
| Language code of text/sound track or separate title | spa |
| 100 1# - MAIN ENTRY--PERSONAL NAME | |
| Personal name | Gebhardt, Jorge |
| 245 10 - TITLE STATEMENT | |
| Title | Impuesto a la ganancia mínima presunta |
| 250 ## - EDITION STATEMENT | |
| Edition statement | 2a. ed. |
| 264 #1 - PRODUCTION, PUBLICATION, DISTRIBUTION, MANUFACTURE, AND COPYRIGHT NOTICE | |
| Place of production, publication, distribution, manufacture | Buenos Aires : |
| Name of producer, publisher, distributor, manufacturer | Errepar |
| Date of production, publication, distribution, manufacture, or copyright notice | 2013 |
| 300 ## - PHYSICAL DESCRIPTION | |
| Extent | xxviii, 330 p. |
| Dimensions | 21 cm. |
| 505 ## - FORMATTED CONTENTS NOTE | |
| Formatted contents note | 1. Antecedentes. Caracterìsticas y efectos económicos - 2. Naturaleza del impuesto a la ganancia mínima presunta - 3. Constitucionalidad del gravamen. Normas de aplicación supletoria - 4. Hecho imponible - 5. Sujetos - 6. Exenciones - 7. Base imponible del gravamen - 8. Localización de los bienes y su valuación - 9. Rubros no considerados como activo - 10. Bases imponibles especiales para ciertas entidades - 11. Bienes no computables - 12. Liquidación del gravamen - 13. Actualización de importes - 14. Cómputo del impuesto a las ganancias como pago a cuenta del gravamen - 15. Pago a cuenta por tributos similares abonados en el exterior - 16. Regímenes de promoción - 17. Determinación e ingreso del impuesto - 18. Casos prácticos |
| 590 ## - LOCAL NOTE (RLIN) | |
| Local note | niveau_biblio:m niveau_hierar:0 |
| 856 41 - ELECTRONIC LOCATION AND ACCESS | |
| Uniform Resource Identifier | <a href="https://biblioeco.unsa.edu.ar/pmb/images/libros/Impuesto a la Ganancia M?nima Presunta (2013).jpg">https://biblioeco.unsa.edu.ar/pmb/images/libros/Impuesto a la Ganancia M?nima Presunta (2013).jpg</a> |
| Link text | Imagen de portada |
| Electronic format type | image/jpeg |
| 942 ## - ADDED ENTRY ELEMENTS (KOHA) | |
| Koha item type | |
| Withdrawn status | Lost status | Damaged status | Not for loan | Home library | Current library | Shelving location | Date acquired | Total checkouts | Full call number | Barcode | Date last seen | Price effective from | Koha item type |
|---|---|---|---|---|---|---|---|---|---|---|---|---|---|
| Biblioteca Prof. Eusebio Cleto del Rey | Biblioteca Prof. Eusebio Cleto del Rey | 07/04/2026 | 336.226.1 G293 2ed. | L119757 | 07/04/2026 | 07/04/2026 | Libro | ||||||
| Biblioteca Prof. Eusebio Cleto del Rey | Biblioteca Prof. Eusebio Cleto del Rey | 07/04/2026 | 336.226.1 G293 2ed. | L119758 | 07/04/2026 | 07/04/2026 | Libro | ||||||
| Biblioteca Prof. Eusebio Cleto del Rey | Biblioteca Prof. Eusebio Cleto del Rey | 07/04/2026 | 336.226.1 G293 2ed. | L119759 | 07/04/2026 | 07/04/2026 | Libro |